Statistics for Top 15 most popular colors

Click here to take the quiz!

General Stats

  • This quiz has been taken 642 times
  • The average score is 11 of 15

Answer Stats

HintAnswer% Correct
Blue
99%
Red
99%
Green
98%
Yellow
98%
Black
97%
Orange
97%
Purple
97%
White
94%
Pink
93%
Brown
85%
Grey
74%
Tan
36%
Magenta
27%
Turquoise
27%
Neon
9%

Score Distribution

Percentile by Number Answered

Percent of People with Each Score

Your Score History

You have not taken this quiz